British placename riddles Quiz Stats

Quiz not verified by Sporcle

Challenge
Share
Tweet
Embed
Score 0/28 Timer 05:00
0 Plays Today
hint answer % Correct
This place is NOT in Alabama, although it does have the same spellingBirmingham
90.9%
Where you go if you fancy a soakBath
72.7%
What you do to the deceasedBury
72.7%
People there like their cakes (begins with D)Dundee
63.6%
Also a place where people like their cakes (begins with E)Eccles
54.5%
Where you would find plenty of buns, girls and pensionersChelsea
45.5%
Women there have got big t*tsBristol
36.4%
Where pirates are fromPenzance
36.4%
Do you want to take some coal thereNewcastle
36.4%
Give me this right nowAndover
36.4%
Place where you would find dirty waterBlackpool
36.4%
Where mums never feel illMotherwell
36.4%
It is full of bookwormsReading
27.3%
Place where men like to thump their old girlfriendsExeter
27.3%
hint answer % Correct
Don't forget this when putting in a screwBolton
27.3%
Place where you will find people shovelling coal into a fireStoke-on-Trent
27.3%
People there are very intelligentBrighton
18.2%
You won't find any pigsmeat hereNottingham
18.2%
Don't take your car here, because you won't get it back in one pieceWrexham
18.2%
Place where animals like to run across waterOxford
18.2%
Place where you will find birds swimming through waterSwansea
18.2%
A good place to take your dog for a walkLeeds
9.1%
People there like their biscuitsLincoln
9.1%
Place where people drive around in CortinasBangor
9.1%
Halfway point of a woman's undergarmentMiddlesborough
9.1%
Place where captains of a ship liveCrewe
9.1%
Place where you are likely to get killedMidsomer Norton
9.1%
Place where they make little rocksMaidstone
9.1%

You're not logged in!

Compare scores with friends on all Sporcle quizzes.
Join for Free
OR
Log In

You Might Also Like...

Show Comments

Extras

Created Mar 1, 2012ReportNominate
Tags:british, riddle

Top Quizzes Today


Score Distribution

Your Account Isn't Verified!

In order to create a playlist on Sporcle, you need to verify the email address you used during registration. Go to your Sporcle Settings to finish the process.

Report this User

Report this user for behavior that violates our Community Guidelines.

Details: